Statistics for US State Abbreviations Map

Click here to take the quiz!

General Stats

  • This quiz has been taken 261 times
  • The average score is 27 of 50

Answers on the Map

Answers color-coded by a green-red scale on the quiz's map according to % correct below.
 

Answer Stats

State% Correct
CA
81%
MI
76%
AK
72%
TX
72%
ID
70%
NV
70%
WA
70%
AL
67%
OR
67%
ND
66%
AZ
65%
NM
65%
CO
64%
FL
64%
MT
64%
SD
63%
MA
61%
UT
61%
MO
60%
MS
58%
NE
58%
NY
58%
MN
57%
AR
56%
WY
56%
NC
53%
HI
52%
SC
52%
ME
49%
NJ
49%
GA
48%
LA
47%
WI
47%
IL
45%
NH
45%
OK
45%
IA
43%
KY
43%
WV
43%
OH
42%
IN
41%
KS
39%
PA
39%
VA
39%
CT
38%
VT
35%
MD
33%
RI
33%
TN
33%
DE
28%

Score Distribution

Percentile by Number Answered

Percent of People with Each Score

Your Score History

You have not taken this quiz